LEADER 02296nam 22005533u 450 001 9910162938103321 005 20250709221025.0 010 $a9782806241337 010 $a2806241332 035 $a(CKB)3710000000306692 035 $a(EBL)1869753 035 $a(MiAaPQ)EBC1869753 035 $a(Au-PeEL)EBL1869753 035 $a(OCoLC)897070651 035 $a(PPN)188690018 035 $a(FR-PaCSA)88807386 035 $a(FRCYB88807386)88807386 035 $a(Perlego)3573358 035 $a(EXLCZ)993710000000306692 100 $a20141201d2012|||| u|| | 101 0 $afre 135 $aur|n|---||||| 181 $ctxt$2rdacontent 182 $cc$2rdamedia 183 $acr$2rdacarrier 200 13$aLa Te?le?vision de Jean-Philippe Toussaint (Fiche de lecture) 210 $aBrussels $cPrimento Digital$d2012 215 $a1 online resource (30 p.) 300 $aDescription based upon print version of record. 311 08$a9782806241566 311 08$a2806241561 327 $a1. Re?sume?; 2. E?tude des personnages; 3. Cle?s de lecture; 4. Pistes de re?flexion; 5. Informations comple?mentaires 330 $a Tout ce qu'il faut savoir sur La Te?le?vision de Jean-Philippe Toussaint ! Retrouvez l'essentiel de l'?uvre dans une fiche de lecture comple?te et de?taille?e, avec un re?sume?, une e?tude des personnages, des cle?s de lecture et des pistes de re?flexion. Re?dige?e de manie?re claire et accessible, la fiche de lecture propose d'abord un re?sume? partie par partie du roman, puis s'inte?resse aux personnages : le narrateur, sa famille, les Drescher, Hans Heinrich Mechelius et John Dory. On aborde ensuite le genre du roman minimaliste, le motif de la te?le?vision, les the?matiques de la procrastination et de la c 606 $aFrench literature 606 $aLiterature 615 4$aFrench literature. 615 4$aLiterature. 676 $a843 676 $a843.914 676 $a843/.914 700 $a.fr$b le Petit Litteraire$0847109 701 $aFleury$b Agne?s$0912325 801 0$bAU-PeEL 801 1$bAU-PeEL 801 2$bAU-PeEL 906 $aBOOK 912 $a9910162938103321 996 $aLa Te?le?vision de Jean-Philippe Toussaint (Fiche de lecture)$92867302 997 $aUNINA LEADER 04712nam 22007095 450 001 9910298334003321 005 20251230055155.0 010 $a1-4939-1031-0 024 7 $a10.1007/978-1-4939-1031-1 035 $a(CKB)3710000000187068 035 $a(EBL)1782061 035 $a(OCoLC)889303541 035 $a(SSID)ssj0001295342 035 $a(PQKBManifestationID)11857553 035 $a(PQKBTitleCode)TC0001295342 035 $a(PQKBWorkID)11343005 035 $a(PQKB)11471541 035 $a(MiAaPQ)EBC1782061 035 $a(DE-He213)978-1-4939-1031-1 035 $a(PPN)179926586 035 $a(EXLCZ)993710000000187068 100 $a20140711d2014 u| 0 101 0 $aeng 135 $aur|n|---||||| 181 $ctxt 182 $cc 183 $acr 200 10$aAdvances in Fetal and Neonatal Physiology $eProceedings of the Center for Perinatal Biology 40th Anniversary Symposium /$fedited by Lubo Zhang, Charles A. Ducsay 205 $a1st ed. 2014. 210 1$aNew York, NY :$cSpringer New York :$cImprint: Springer,$d2014. 215 $a1 online resource (258 p.) 225 1 $aAdvances in Experimental Medicine and Biology,$x2214-8019 ;$v814 300 $aDescription based upon print version of record. 311 08$a1-4939-1030-2 320 $aIncludes bibliographical references and index at the end of each chapters. 327 $a?Surprised by Joy? ? Four Decades of Contributions to Developmental Physiology -- sGC-cGMP Signaling:  Target for Anticancer Therapy -- Lawrence D. Longo. From Chronic Fetal Hypoxia to Proteomic Predictors of Fetal Distress Syndrome: A life devoted to research and mentoring based on virtue-ethics -- Pregnancy Programming and Preeclampsia: Identifying a Human Endothelial Model to Study Pregnancy-Adapted Endothelial Function and Endothelial Adaptive Failure in Preeclamptic Subjects -- Regulation of Amniotic Fluid Volume: Evolving Concepts -- Gestational Diabetes, Preeclampsia and Cytokine Release: Similarities and Differences in Endothelial Cell Function -- Heart Disease Link to Fetal Hypoxia and Oxidative Stress -- Fetal Breathing Movements and Changes at Birth -- From Fetal Physiology to Gene Therapy ? It All Started in Loma Linda -- 30+ Years of Exercise in Pregnancy -- Gap Junction Regulation of Vascular Tone: Implications of Modulatory Intercellular Communication during Gestation -- Effect of Preeclampsia on Placental Function: Influence of Sexual Dimorphism, microRNA?s and Mitochondria -- Altitude, Attitude and Adaptation -- The Separation of Sexual Activity and Reproduction in Human Social Evolution -- The Influence of Growth Hormone on Bone and Adipose Programming -- The Fetal Cerebral Circulation: Three Decades of Exploration by the LLU Center for Perinatal Biology -- Placental Vascular Defects in Compromised Pregnancies: Effects of Assisted Reproductive Technologies and Other Maternal Stressors -- How to Build a Healthy Heart from Scratch -- Estrogen in the Fetus -- Calcitonin Gene Related Family Peptides: Importance in Normal Placental and Fetal Development. 330 $aTo celebrate the Center for Perinatal Biology?s 40th Anniversary, an illustrious group gathered at Loma Linda University in February 2013. That gathering of experts and this volume of the proceedings are a tribute to the founder of the Center, Lawrence D. Longo, M.D. These chapters present contributions from individuals who in some way or another were influenced by Dr. Longo. Covering a wide range of topics, and illustrating the diversity of thinking and scientific interests, these proceedings address basic science through to clinical problems in the developmental programming of health and disease. 410 0$aAdvances in Experimental Medicine and Biology,$x2214-8019 ;$v814 606 $aHuman physiology 606 $aReproductive health 606 $aEmbryology 606 $aHuman Physiology 606 $aReproductive Medicine 606 $aEmbryology 615 0$aHuman physiology. 615 0$aReproductive health. 615 0$aEmbryology. 615 14$aHuman Physiology. 615 24$aReproductive Medicine. 615 24$aEmbryology. 676 $a612.647 702 $aZhang$b Lubo$4edt$4http://id.loc.gov/vocabulary/relators/edt 702 $aDucsay$b Charles A$4edt$4http://id.loc.gov/vocabulary/relators/edt 712 02$aLoma Linda University.$bCenter for Perinatal Biology, 712 12$aAdvances in Fetal and Neonatal Physiology (Symposium) 801 0$bMiAaPQ 801 1$bMiAaPQ 801 2$bMiAaPQ 906 $aBOOK 912 $a9910298334003321 996 $aAdvances in Fetal and Neonatal Physiology$92502163 997 $aUNINA